Регионална библиотека "Любен Каравелов" - Русе

Затваряне на кръга (Запис номер 460267)

MARC детайли
000 -Лидер
Контролно поле с фиксирана дължина nam a22 a 4500
003 - Код на организацията, давaща контролен номер
Контролно поле BLK
005 - Дата и час на последна редакция
Контролно поле 20220610093527.0
008 - Елементи от данни с фиксирана дължина
fixed length control field 220610b bu |||||r|||||||| ||bu d
040 ## - Източник на каталожния запис
Идентификатор на билиотеката - собственик на записа BLK
041 ## - Код за език
Код за езика на текст/звукозапис или на отделно заглавие Български
Код за езика КДБФ Български
080 ## - УДК
Текстов определител УДК Българска литература
УДК код - определител по УДК 821.163.2
УДК определител -1
УДК - код + определител 821.163.2-1
100 1# - Редна дума - Автор
R(LIN) 95061
Автор Методиев, Димитър Христов
Авторска отговорност първи автор
139 ## - Редно поле
Редна дума Методиев, Димитър Христов
245 ## - Сведения за заглавието
Заглавие Затваряне на кръга
Подзаглавни данни Стихотворения
Редно поле (дума) Димитър Методиев, Худож. Милка Пейкова.
260 ## - Област на издателските данни
9 (RLIN) 209596
Място на издаване, разпространение и проч. Пловдив
Име на издателя, разпространителя и проч. Христо Г. Данов
Година на издаване 1967
Издателство - префикс ISBN 954-442-
300 ## - Физическа характеристика
Страници 56 с.
Размери/Мащаб 20 см
380 ## - Жанр
Жанр Худож. лит.
700 ## - Други автори (авторска отговорност)
9 (RLIN) 281556
Лично име Пейкова, Милка
Автороска отговорност (Описва отношението между автора и произведението) худож.
852 ## - Местоположение
Форматна сигнатура Цб 43628
Фондова буква Хранилище
999 ## - СИСТЕМНИ КОНТРОЛНИ НОМЕРА
Koha biblionumber 460267
Koha biblioitemnumber 460267
942 ## - АРТИКУЛИ
Вид на библиотечния материал Книги
Скрит в OPAC Не
Периодичен библиозапис Да
944 ## - СЪЗДАВАНЕ И РЕДАКЦИЯ на ЗАПИСА
Създаване/Редакция Създаване
Дата на регистрацията/редакция 2022-06-10
Служител, извършил регистрацията/редакцията А.М.
Наличности
Код за отписване Код за изгубен артикул Източник на класификационната схема Код за повреда Коз за рестрикции Код за отдаване Артикулен № Име на библиотеката - собственик Име на библиотеката, в която се намира в момента Статус (Текущо местоположение) Дата на вписване в системата Местоположение - отдел Цена в лева Инвентарен номер Систематично азбучна сигнатура Баркод Цена в евро Служебен тип на артикула
  Не е изгубен Universal Decimal Classification Не е повреден само за читалня ползва се в читалня 889467 Регионална библиотека "Любен Каравелов" Русе Регионална библиотека "Любен Каравелов" Русе Хранилище 2022-06-14 Хранилище 0.51 2497/68 Цб 43628 900000100654 0.26 Книги
Vip Innovations Ltd, Rousse, Bulgaria 2025